000 00901nam a2200301 a 4500
001 000037588
003 DO-SdBPM
005 20250703103727.0
007 ta
008 110113s 2009 dr a 100 j spa d
020 _a9789945406382
040 _aDO-SdBPM
_bspa
_cBPMSU
_erda
082 0 4 _aRD863.44
_bB742c, 2009
_222
100 1 _aBosch, Juan,
_d1909-2001
_eautor
_91
245 1 0 _aCuento de navidad /
_cJuan Bosch
250 _a6a. ed.
264 _aSanto Domingo :
_bEditora Alfa y Omega,
_c2009
300 _a141 páginas ;
_c26 cm.
_b
336 _atexto
_btxt
_2rdacontent
337 _asin mediación
_bn
_2rdamedia
338 _avolumen
_bnc
_2rdacarrier
590 _aInventariado,2025/VM
650 7 _aCuentos juveniles dominicanos
650 7 _aLiteratura juvenil dominicana
650 7 _aReyes magos
_vCuentos
910 _aVMateo V. Control de calidad BPMSU
942 _2ddc
_cBK
999 _c15249
_d15249